000 03219nas a22006137a 4500
003 CHAP
005 20220329143424.0
008 001017 p rnn 0 b1 d
010 _a96355
011 _a97327
022 _a0023-7302
035 _a107991
040 _cCHAP
245 0 3 _aLe Lait
260 0 _aFrancia:
_bEDP Sciences
_c2006-2007
300 _av.
_blus
310 _abimestral
362 _av.86 n.1
590 _aBATCH-UPD
_b10
_c20130110
_lUCH01
_h2343
590 _aBATCH-UPD
_b10
_c20130410
_lUCH01
_h1631
590 _aBATCH-UPD
_b10
_c20130914
_lUCH01
_h1717
590 _aCONVERSION
_b10
_c20130109
_lUCH01
_h1353
650 0 4 _aLeche
_xTecnología
_xPublicaciones periódicas.
_965415
785 _tDairy Science and Technology 2008-
852 2 _yISSUE
_d2012-12-17
_503
852 2 _yISSUE
_d2012-12-17
_503
852 2 _yISSUE
_d2012-12-17
_503
852 2 _yISSUE
_d2012-12-17
_503
852 2 _yISSUE
_d2012-12-17
_503
852 2 _yISSUE
_d2012-12-17
_503
852 2 _yISSUE
_d2012-12-17
_503
852 2 _yISSUE
_d2012-12-17
_503
852 2 _yISSUE
_d2012-12-17
_503
852 2 _yISSUE
_d2012-12-17
_503
852 2 _yISSUE
_d2012-12-17
_503
852 2 _yISSUE
_d2012-12-17
_503
866 _av. 86 n. 1 (February 2006) - v. 86 n. 6 (December 2006)
866 _av. 87 n. 1 (February 2007) - v. 87 n. 6 (December 2007)
901 _aSE
905 _aAraceli Hernández Gómez.
942 _cISSUE
949 _bBC
_cPS
_d202940
_ePS
_fv. 86 n. 1 ( February 2006)
_i107991
_j86
_sn
949 _bBC
_cPS
_d202941
_ePS
_fv. 86 n. 2 ( April 2006)
_i107991
_j86
_sn
949 _bBC
_cPS
_d202942
_ePS
_fv. 86 n. 3 ( June 2006)
_i107991
_j86
_sn
949 _bBC
_cPS
_d202943
_ePS
_fv. 86 n. 4 ( August 2006)
_i107991
_j86
_sn
949 _bBC
_cPS
_d202944
_ePS
_fv. 86 n. 5 ( October 2006)
_i107991
_j86
_sn
949 _bBC
_cPS
_d202945
_ePS
_fv. 86 n. 6 ( December 2006)
_i107991
_j86
_sn
949 _bBC
_cPS
_d202946
_ePS
_fv. 87 n. 1 ( February 2007)
_i107991
_j87
_sn
949 _bBC
_cPS
_d202947
_ePS
_fv. 87 n. 2 ( April 2007)
_i107991
_j87
_sn
949 _bBC
_cPS
_d202948
_ePS
_fv. 87 n. 3 ( June 2007)
_i107991
_j87
_sn
949 _bBC
_cPS
_d202949
_ePS
_fv. 87 n. 4 ( August 2007)
_i107991
_j87
_sn
949 _bBC
_cPS
_d202950
_ePS
_fv. 87 n. 5 ( October 2007)
_i107991
_j87
_sn
949 _bBC
_cPS
_d202951
_ePS
_fv. 87 n. 6 ( December 2007)
_i107991
_j87
_sn
999 _c96355
_d96355